Score 0/24 Timer 08:00
6 Plays Today
Column % Correct
Ginger
92.4%
Cinnamon
91.8%
Basil
90.6%
Parsley
88.4%
Black peppercorns
85.2%
Mint
84.9%
Rosemary
84.2%
Bay leaves
81.8%
Paprika
80.3%
Thyme
77.2%
Nutmeg
72%
Cloves
71.7%
Column % Correct
Chives
70.7%
Dill
70.4%
Sage
66.5%
Star anise
66.4%
Saffron
66%
Oregano
60.6%
Turmeric
60.5%
Cumin
57.3%
Fennel leaves
56%
Mustard seeds
51.3%
Tarragon
36%
Juniper berries
35.6%
Remove Ads.
Support Sporcle.
Get the best of Sporcle when you Go Orange. This ad-free experience offers more features, more stats, and more fun while also helping to support Sporcle. Thank you for becoming a member.

You're not logged in!

Compare scores with friends on all Sporcle quizzes.
OR
Log In

Show Comments

Extras

Top Quizzes Today


Score Distribution

Your Account Isn't Verified!

In order to create a playlist on Sporcle, you need to verify the email address you used during registration. Go to your Sporcle Settings to finish the process.

Report this User

Report this user for behavior that violates our Community Guidelines.

Details: